[Event "Challenge"]
[Site "http://www.queenalice.com/game.php?id=1092139"]
[Date "2012.8.11"]
[Round "-"]
[White "oaitsabes"]
[Black "eddval"]
[Result "0-1"]
[WhiteElo "2166"]
[BlackElo "2161"]

1. f4 e5 2. fxe5 d6 3. exd6 Bxd6 4. Nf3 Nh6 5. e4 Ng4 6. Bb5+ c6 7. Ba4 Nxh2 8.
Nxh2 Qh4+ 9. Kf1 Bxh2 10. Qf3 O-O 11. d3 Bg4 12. Qf2 Qxf2+ 13. Kxf2 Bc7 14. Be3
Nd7 15. Nd2 f5 16. Bb3+ Kh8 17. Ke1 Bg3+ 18. Bf2 Bxf2+ 19. Kxf2 fxe4+ 20. Ke3
exd3 21. Kxd3 Nc5+ 22. Kc3 a5 23. Rh4 Bf5 24. Rah1 b5 25. a3 Nxb3 26. Nxb3 Bg6
27. Nd4 Rf2 28. Rg4 Kg8 29. Re1 Re8 30. Rxe8+ Bxe8 31. Ne6 Bg6 32. Rf4 Rxc2+ 33.
Kd4 Bf7 34. Nd8 Rd2+ 0-1

[Event "Challenge"]
[Site "http://www.queenalice.com/game.php?id=1092283"]
[Date "2012.8.11"]
[Round "-"]
[White "hba111"]
[Black "oaitsabes"]
[Result "1-0"]
[WhiteElo "2017"]
[BlackElo "2183"]

1. e4 e6 2. d4 d5 3. Nc3 Nf6 4. e5 Nfd7 5. f4 c5 6. Nf3 Nc6 7. Be3 Be7 8. Qd2
O-O 9. Be2 a6 10. O-O f5 11. exf6 1-0

[Event "AUTO-MASTER-1616"]
[Site "http://www.queenalice.com/game.php?id=1099336"]
[Date "2012.9.3"]
[Round "2"]
[White "oaitsabes"]
[Black "Francisco"]
[Result "0-1"]
[WhiteElo "1993"]
[BlackElo "2153"]

1. f4 d5 2. Nf3 Nf6 3. e3 e6 4. d4 b6 5. Nbd2 c5 6. c3 Bd6 7. Ne5 Nbd7 8. Bb5
O-O 9. O-O a6 10. Bd3 c4 11. Bc2 Bb7 12. Qf3 b5 13. g4 h6 14. g5 hxg5 15. fxg5
Ne4 16. Nxd7 Qxd7 17. Nxe4 dxe4 18. Bxe4 Bxe4 19. Qxe4 Rae8 0-1

[Event "AUTO-MASTER-1616"]
[Site "http://www.queenalice.com/game.php?id=1099337"]
[Date "2012.9.3"]
[Round "2"]
[White "Francisco"]
[Black "oaitsabes"]
[Result "1-0"]
[WhiteElo "2145"]
[BlackElo "2003"]

1. d4 Nf6 2. Nf3 g6 3. Bg5 Bg7 4. e3 O-O 5. Nbd2 d5 6. c3 Bg4 7. Qb3 b6 8. h3
Bc8 9. Bd3 Bb7 10. O-O Ne4 11. Bh4 c5 12. dxc5 Nxc5 13. Qc2 Nxd3 14. Qxd3 Qc7
15. Bg3 e5 16. Rfe1 f5 17. Qc2 Nd7 18. Nb3 a5 19. a4 Rae8 20. Nbd2 h6 21. Rac1
1-0

[Event "AUTO-MASTER-1616"]
[Site "http://www.queenalice.com/game.php?id=1099338"]
[Date "2012.9.3"]
[Round "2"]
[White "oaitsabes"]
[Black "Giant"]
[Result "0-1"]
[WhiteElo "2005"]
[BlackElo "2468"]

1. f4 Nc6 2. Nf3 Nf6 3. e3 d6 4. d4 g6 5. Be2 Bg7 6. O-O O-O 7. h3 e6 8. a3 h5
9. Ng5 d5 10. Nd2 Bh6 11. c3 Ne7 12. Ndf3 Nf5 13. Qe1 Nd6 14. Ne5 Nfe4 15. Nxe4
Nxe4 16. g4 hxg4 17. hxg4 Bg7 18. g5 Nd6 19. Bd3 Nf5 20. Bxf5 exf5 21. Kg2 Bxe5
22. dxe5 Kg7 23. Rh1 Rh8 24. Bd2 Bd7 25. Qg3 Qe7 26. Rxh8 Rxh8 27. Rh1 Bc6 0-1

[Event "AUTO-MASTER-1616"]
[Site "http://www.queenalice.com/game.php?id=1099339"]
[Date "2012.9.3"]
[Round "2"]
[White "Giant"]
[Black "oaitsabes"]
[Result "1-0"]
[WhiteElo "2386"]
[BlackElo "2134"]

1. d4 Nf6 2. c4 g6 3. Nc3 d5 4. cxd5 Nxd5 5. e4 Nxc3 6. bxc3 Bg7 7. Nf3 O-O 8.
Be2 c5 9. O-O Nc6 10. Be3 Qa5 11. Qb3 cxd4 12. Nxd4 Rd8 13. Rfd1 a6 14. Nxc6
Rxd1+ 15. Rxd1 bxc6 16. Bc4 e6 17. Bb6 Qxc3 18. Rd8+ Bf8 19. Qxc3 1-0

[Event "AUTO-OPEN-2581"]
[Site "http://www.queenalice.com/game.php?id=1104827"]
[Date "2012.9.20"]
[Round "2"]
[White "LUKK22"]
[Black "oaitsabes"]
[Result "1-0"]
[WhiteElo "2671"]
[BlackElo "2116"]

1. g4 d5 2. g5 e5 3. d3 Bc5 4. Nf3 Nc6 5. Nxe5 Bxf2+ 6. Kxf2 Nxe5 7. d4 Nc4 8.
Bg2 c6 9. Nc3 Ne7 10. e4 O-O 11. exd5 Nxd5 12. Nxd5 cxd5 13. b3 Nb6 14. Re1 Bf5
15. Ba3 Re8 16. Rxe8+ Qxe8 17. Qe2 Qc6 18. Re1 Qxc2 19. Qxc2 Bxc2 20. Re7 Bb1
21. Bc5 Bxa2 22. Bxb6 axb6 23. Bxd5 Rf8 24. Rxb7 Kh8 25. Rxf7 Rxf7+ 26. Bxf7 g6
27. Be6 Kg7 28. Ke3 Kf8 29. Kf4 Ke7 30. Bg8 Kf8 31. Bd5 Ke7 32. Ke5 1-0

[Event "AUTO-OPEN-2581"]
[Site "http://www.queenalice.com/game.php?id=1104828"]
[Date "2012.9.20"]
[Round "2"]
[White "oaitsabes"]
[Black "LUKK22"]
[Result "0-1"]
[WhiteElo "2117"]
[BlackElo "2670"]

1. f4 g6 2. Nf3 Bg7 3. e4 d6 4. d4 Nf6 5. e5 Nfd7 6. Be2 c5 7. c3 O-O 8. O-O Nc6
9. d5 Na5 10. b4 cxb4 11. cxb4 dxe5 12. Bb2 Qb6+ 13. Kh1 Qxb4 14. Bxe5 Nxe5 15.
fxe5 Rd8 16. Ng5 Bf5 17. Nf3 Rac8 18. Qd2 Nc6 19. Qxb4 Nxb4 20. Nbd2 Rxd5 21.
Nc4 Bh6 22. a3 Nd3 23. Ncd2 Rc2 24. Rad1 Nb2 0-1

[Event "AUTO-OPEN-2627"]
[Site "http://www.queenalice.com/game.php?id=1109469"]
[Date "2012.10.4"]
[Round "2"]
[White "oaitsabes"]
[Black "Philchess"]
[Result "0-1"]
[WhiteElo "1964"]
[BlackElo "1503"]

1. e4 c5 2. Nf3 d6 3. d4 cxd4 4. Nxd4 e5 5. Nb5 a6 6. N5c3 Nf6 7. Be2 Nc6 8. O-O
Be7 9. Be3 O-O 10. Nd2 d5 11. exd5 Nxd5 12. Nxd5 Qxd5 13. Bc4 Qd6 14. Qf3 Bf6
15. Ne4 Qe7 16. Bc5 Nd4 17. Nxf6+ Qxf6 18. Qxf6 gxf6 19. c3 b5 20. cxd4 Re8 21.
Bd5 exd4 22. Rfe1 Rxe1+ 23. Rxe1 Bd7 24. Bxa8 d3 25. Bb4 f5 26. Bd5 Kg7 27. Re7
Be6 28. Bxe6 Kf6 29. Bd5 d2 0-1

[Event "AUTO-OPEN-2627"]
[Site "http://www.queenalice.com/game.php?id=1109470"]
[Date "2012.10.4"]
[Round "2"]
[White "Philchess"]
[Black "oaitsabes"]
[Result "0-1"]
[WhiteElo "1486"]
[BlackElo "2133"]

1. e4 e6 2. d4 d5 3. e5 c5 4. Nf3 Nc6 5. Bb5 Qb6 6. Bxc6+ bxc6 7. c3 Ba6 8. b3
cxd4 9. cxd4 Ne7 10. Nc3 Nf5 11. Bd2 Nxd4 12. Nxd4 Qxd4 13. Qh5 Bc5 14. O-O-O
Ba3+ 15. Kc2 Qd3# 0-1

[Event "AUTO-OPEN-2627"]
[Site "http://www.queenalice.com/game.php?id=1109472"]
[Date "2012.10.4"]
[Round "2"]
[White "pacou93"]
[Black "oaitsabes"]
[Result "1-0"]
[WhiteElo "1834"]
[BlackElo "2088"]

1. e4 e6 2. Qe2 c5 3. c4 Nc6 4. Nf3 Nf6 5. Nc3 a6 6. g3 Rb8 7. a4 Nb4 8. d3 d6
9. Bg2 Be7 10. O-O O-O 11. Bd2 Nc2 12. Rab1 Nd4 13. Nxd4 cxd4 14. Na2 b5 15.
axb5 axb5 16. cxb5 Rxb5 17. b4 e5 18. f4 Bg4 19. Bf3 Bh3 20. Bg2 1-0

[Event "AUTO-MASTER-1584"]
[Site "http://www.queenalice.com/game.php?id=1109723"]
[Date "2012.10.5"]
[Round "2"]
[White "oaitsabes"]
[Black "chaingang"]
[Result "0-1"]
[WhiteElo "2100"]
[BlackElo "2206"]

1. f4 Nf6 2. Nf3 g6 3. e3 Bg7 4. d4 d6 5. Bd3 Na6 6. c3 O-O 7. O-O c5 8. Nbd2 b6
9. Qe2 Nc7 10. h3 Bb7 11. g4 Nd7 12. Ne4 Nf6 13. Ng3 Re8 14. g5 Nd7 15. f5 e5
16. f6 Bxf6 17. gxf6 e4 18. Nxe4 Bxe4 19. Bxe4 Rxe4 20. Ng5 Re8 21. Qf3 d5 22.
h4 Nf8 23. h5 Nce6 24. Nxe6 Rxe6 25. Bd2 Nd7 26. hxg6 hxg6 27. Qxd5 Nxf6 28.
Qxd8+ Rxd8 29. Rae1 Ne4 30. Bc1 Kg7 31. Rf3 Rde8 32. d5 Re5 0-1

[Event "AUTO-MASTER-1584"]
[Site "http://www.queenalice.com/game.php?id=1109724"]
[Date "2012.10.5"]
[Round "2"]
[White "chaingang"]
[Black "oaitsabes"]
[Result "1-0"]
[WhiteElo "2197"]
[BlackElo "2109"]

1. e4 e6 2. d4 d5 3. Nc3 Nf6 4. e5 Nfd7 5. Nce2 c5 6. c3 Nc6 7. Nf3 Qb6 8. a3
Be7 9. Rb1 O-O 10. Bg5 f6 11. Bh4 a5 12. g4 cxd4 13. cxd4 fxe5 14. Bxe7 Rxf3 15.
Bg2 Rf7 16. Bg5 Nxd4 17. O-O Nf3+ 18. Bxf3 Rxf3 19. Nc3 Rf7 20. Qd2 Nf6 21. h3
h6 22. Bh4 Bd7 23. b4 d4 24. Ne2 Ne4 25. Qd3 Bc6 26. f3 Ng5 27. Bxg5 hxg5 28.
Ng3 Raf8 29. b5 Bxf3 30. Ne4 Bxe4 31. Qxe4 1-0

[Event "AUTO-MASTER-1584"]
[Site "http://www.queenalice.com/game.php?id=1109727"]
[Date "2012.10.5"]
[Round "2"]
[White "oaitsabes"]
[Black "Maxwell"]
[Result "0-1"]
[WhiteElo "1973"]
[BlackElo "2148"]

1. f4 d5 2. Nf3 Nf6 3. e3 g6 4. d4 Bg7 5. Bd3 O-O 6. O-O Nbd7 7. Nbd2 c5 8. c3
cxd4 9. exd4 Nb6 10. Ne5 Qc7 11. Qf3 Bd7 12. g4 Rad8 13. h4 h5 14. gxh5 Nxh5 15.
Rf2 Qd6 16. Nf1 Qf6 17. Ne3 Qxh4 0-1

[Event "AUTO-MASTER-1584"]
[Site "http://www.queenalice.com/game.php?id=1109728"]
[Date "2012.10.5"]
[Round "2"]
[White "Maxwell"]
[Black "oaitsabes"]
[Result "1-0"]
[WhiteElo "2141"]
[BlackElo "1983"]

1. d4 Nf6 2. c4 g6 3. Nc3 d5 4. Bg5 Ne4 5. Bh4 Nxc3 6. bxc3 c6 7. e3 Qa5 8. Qc2
Nd7 9. Bd3 e5 10. c5 Bg7 11. f3 O-O 12. Ne2 Re8 13. O-O f5 14. Qb2 b6 15. cxb6
axb6 16. e4 Ba6 17. Bxa6 Rxa6 18. exf5 c5 19. dxe5 1-0

[Event "AUTO-OPEN-2596"]
[Site "http://www.queenalice.com/game.php?id=1124497"]
[Date "2012.11.21"]
[Round "2"]
[White "rmvwoods"]
[Black "oaitsabes"]
[Result "1-0"]
[WhiteElo "2004"]
[BlackElo "2038"]

1. e4 e6 2. d4 d5 3. Nc3 Nf6 4. Bg5 Be7 5. Bxf6 Bxf6 6. e5 Be7 7. Qg4 O-O 8. Bd3
Nd7 9. Nf3 f5 10. Qh5 a6 11. O-O-O c5 12. g4 g6 13. Qh3 1-0

[Event "AUTO-OPEN-2596"]
[Site "http://www.queenalice.com/game.php?id=1124498"]
[Date "2012.11.21"]
[Round "2"]
[White "oaitsabes"]
[Black "rmvwoods"]
[Result "0-1"]
[WhiteElo "2021"]
[BlackElo "2021"]

1. f4 d5 2. Nf3 Nf6 3. e3 e6 4. d4 Nbd7 5. Bd3 c5 6. c3 c4 7. Bc2 Be7 8. Nbd2
O-O 9. O-O b5 10. Ne5 Bb7 11. Qf3 a5 12. g4 Nxe5 0-1